Southville International School and Colleges
Your cart is empty.
  • Cart
  • Lists
    Public lists Eva Luna New books Lux_list list_1
    Your lists Log in to create your own lists
  • Log in to your account
  • Your cookies
  • Search history
Southville International School and Colleges
  • Advanced search
  • Recent comments
  • Most popular
  • Libraries

Log in to your account

Log in with GOOGLE


If you do not have an external account, but do have a local account, you can still log in:

  1. Home
  2. MARC view: Data mining and machine learning in building energy analysis /
Normal view MARC view ISBD view

Data mining and machine learning in building energy analysis / (Record no. 305134)

[ view plain ]
MARC details
000 -LEADER
fixed length control field 01007cam a22002775i 4500
001 - CONTROL NUMBER
control field 18871480
003 - CONTROL NUMBER IDENTIFIER
control field SISC
005 - DATE AND TIME OF LATEST TRANSACTION
control field 20160929135036.0
008 - FIXED-LENGTH DATA ELEMENTS--GENERAL INFORMATION
fixed length control field 151124s2015 nju 000 0 eng
010 ## - LIBRARY OF CONGRESS CONTROL NUMBER
LC control number 2015958612
020 ## - INTERNATIONAL STANDARD BOOK NUMBER
International Standard Book Number 9781848214224
040 ## - CATALOGING SOURCE
Original cataloging agency DLC
Language of cataloging eng
Transcribing agency DLC
Description conventions rda
Modifying agency DLC
042 ## - AUTHENTICATION CODE
Authentication code pcc
050 ## - LIBRARY OF CONGRESS CALL NUMBER
Classification number TJ 163.9
Item number .M211 2016
100 1# - MAIN ENTRY--PERSONAL NAME
Personal name Magoules, Frederic.
245 10 - TITLE STATEMENT
Title Data mining and machine learning in building energy analysis /
Statement of responsibility, etc Frederic Magoules, Hai-Xiang Zha.
260 ## - PUBLICATION, DISTRIBUTION, ETC. (IMPRINT)
Place of publication, distribution, etc New Jersey :
Name of publisher, distributor, etc John Wiley & Sons, Inc.,
Date of publication, distribution, etc 2016.
263 ## - PROJECTED PUBLICATION DATE
Projected publication date 1511
300 ## - PHYSICAL DESCRIPTION
Extent xiv, 164 pages :
Other physical details illustrations ;
Dimensions 24 cm.
500 ## - GENERAL NOTE
General note Includes bibliographical references and index.
856 42 - ELECTRONIC LOCATION AND ACCESS
Materials specified Publisher description
Uniform Resource Identifier <a href="http://www.loc.gov/catdir/enhancements/fy1608/2015958612-d.html">http://www.loc.gov/catdir/enhancements/fy1608/2015958612-d.html</a>
856 41 - ELECTRONIC LOCATION AND ACCESS
Materials specified Table of contents only
Uniform Resource Identifier <a href="http://www.loc.gov/catdir/enhancements/fy1608/2015958612-t.html">http://www.loc.gov/catdir/enhancements/fy1608/2015958612-t.html</a>
906 ## - LOCAL DATA ELEMENT F, LDF (RLIN)
a 0
b ibc
c orignew
d 2
e epcn
f 20
g y-gencatlg
942 ## - ADDED ENTRY ELEMENTS (KOHA)
Source of classification or shelving scheme Library of Congress Classification
Koha item type Books
Holdings
Withdrawn status Lost status Source of classification or shelving scheme Damaged status Home library Current library Shelving location Date acquired Source of acquisition Sub Shelving location Total Checkouts Full call number Barcode Date last seen Price effective from Koha item type
    Library of Congress Classification   College Library College Library Graduate Section 09/29/2016 Library Fund     TJ 163.9 .M211 2016 C20725 05/15/2018 09/29/2016 Books

Data mining and machine learning in building energy analysis /

APA

Magoules F., . (2016). Data mining and machine learning in building energy analysis. New Jersey: John Wiley & Sons, Inc.

Chicago

Magoules Frederic, . 2016. Data mining and machine learning in building energy analysis. New Jersey: John Wiley & Sons, Inc.

Harvard

Magoules F., . (2016). Data mining and machine learning in building energy analysis. New Jersey: John Wiley & Sons, Inc.

MLA

Magoules Frederic, . Data mining and machine learning in building energy analysis. New Jersey: John Wiley & Sons, Inc. 2016.

  • Place hold
  • Print
  • Cite
  • Add to your cart (remove)
  • Save record
    BIBTEX Dublin Core MARCXML MARC (non-Unicode/MARC-8) MARC (Unicode/UTF-8) MARC (Unicode/UTF-8, Standard) MODS (XML) RIS
  • More searches
    Search for this title in:
    Other Libraries (WorldCat) Other Databases (Google Scholar) Online Stores (Bookfinder.com) Open Library (openlibrary.org)

Exporting to Dublin Core...

SOUTHVILLE LIBRARY

Southville International School and Colleges Library

1281 Tropical Ave. Cor. Luxembourg St., BF Homes International, Las Pinas City

Tel. No. 8256374 / 252358 Loc. 117/146

Powered by Koha